Statistics for All EPL Teams Ever

Click here to take the quiz!

General Stats

  • This quiz has been taken 207,245 times
    (42,002 since last reset)
  • The average score is 38 of 51

Answer Stats

Team% Correct
Manchester United
99%
Manchester City
98%
Arsenal
97%
Liverpool
96%
Chelsea
95%
Tottenham Hotspur
93%
Aston Villa
92%
Newcastle United
90%
Everton
89%
West Ham United
89%
Wolverhampton Wanderers
89%
Brighton & Hove Albion
88%
Leicester City
88%
Leeds United
84%
Luton Town
84%
Nottingham Forest
84%
Crystal Palace
83%
Sheffield United
83%
Southampton
83%
Burnley
82%
Fulham
82%
Bournemouth
81%
Brentford
78%
Norwich City
78%
Blackburn Rovers
77%
Sunderland
77%
Birmingham City
75%
Swansea City
75%
Cardiff City
73%
Sheffield Wednesday
73%
Queens Park Rangers
72%
West Bromwich Albion
70%
Hull City
66%
Portsmouth
65%
Derby County
64%
Stoke City
64%
Watford
64%
Bolton Wanderers
63%
Ipswich Town
63%
Blackpool
62%
Middlesbrough
60%
Coventry City
57%
Huddersfield Town
56%
Wigan Athletic
56%
Wimbledon
54%
Reading
51%
Charlton Athletic
50%
Barnsley
48%
Bradford City
45%
Oldham Athletic
39%
Swindon Town
38%

Score Distribution

Percentile by Number Answered

Percent of People with Each Score

Your Score History

You have not taken this quiz since the last reset